| 000 | 00000nam##2200000za#4500 |
| 001 | 9.696400 |
| 003 | CaOODSP |
| 005 | 20210624235021 |
| 007 | cr ||||||||||| |
| 008 | 150407|2004||||xxc|||||o f|0| 0 eng|d |
| 040 | |aCaOODSP|beng |
| 043 | |an-cn--- |
| 086 | 1 |aIu70-4/5-2004E-PDF |
| 110 | 1 |aCanada. |bIndustry Canada. |
| 245 | 10|aStandards systems : |h[electronic resource]|ba guide for Canadian regulators |
| 260 | |aOttawa - Ontario : |bIndustry Canada |c[2004]. |
| 300 | |a50p.|bfigs., glossary, tables |
| 500 | |aThe catalogue number (Iu70-4/5-2004) and ISBN (0-662-67988-1) for the bilingual print edition have been incorrectly copied in this electronic publication. |
| 590 | |a12-31-Supp|b2012-07-06 |
| 690 | 07|aStandards|2gcpds |
| 775 | 08|tSystèmes de normes : |w(CaOODSP)9.640518 |
| 776 | 0#|tStandards systems guide - A guide for Canadian regulators |w(CaOODSP)9.665325 |
| 776 | 0#|tSystèmes de normes - Guide à l'intention des organismes de règlementation canadienne |w(CaOODSP)9.665326 |
| 856 | 40|ahttp://publications.gc.ca|qPDF|s236 KB|uhttps://publications.gc.ca/collections/collection_2012/ic/Iu70-4-5-2004-eng.pdf |